|
|
|
|
| LEADER |
00695nam a2200205Ia 4500 |
| 001 |
CTU_132267 |
| 008 |
210402s9999 xx 000 0 und d |
| 020 |
|
|
|c 22000
|
| 082 |
|
|
|a 650.1
|
| 082 |
|
|
|b T761
|
| 100 |
|
|
|a Tracy, Brian
|
| 245 |
|
0 |
|a Để hiệu quả trong công việc :
|
| 245 |
|
0 |
|b muốn thành công hãy làm những việc khó
|
| 245 |
|
0 |
|c Brian Tracy ; Minh Hằng, Thu Hà, Lan Nguyên (biên dịch)
|
| 260 |
|
|
|a Thành phố Hồ Chí Minh
|
| 260 |
|
|
|b Trẻ
|
| 260 |
|
|
|c 2006
|
| 650 |
|
|
|a Success in business,Thành công trong kinh doanh
|
| 904 |
|
|
|i Quang Hiếu
|
| 980 |
|
|
|a Trung tâm Học liệu Trường Đại học Cần Thơ
|